Eladio Carrión "DON KBRN" - Statistics

General Stats
  • This quiz has been taken 47 times
  • The average score is 17 of 22
Answer Stats
Canción % Correct
Romeo y Julieta
91%
Vetements
91%
AMG
88%
H.I.M.
88%
Invencible
88%
Ohtani
84%
Broly
81%
Carta a Dios 2
81%
Cuenta a 10
81%
100 Conmigo
78%
E.L.A.D.I.O.
78%
Me Muero
78%
Özil
78%
Branzino
75%
El Reggaetón del Disco
75%
Tiffany
75%
Cómodo
72%
Y U So Cold?
66%
Call My Line
63%
Piedras en la Ventana
63%
Cancela To' (Skit)
53%
Mosh Pit Musik
38%
No matching quizzes found
Score Distribution
Percent of People with Each Score
Percentile by Number Answered
Your Score History
You have not taken this quiz